000 00716atm a2200277 4500
005 20260406175454.0
008 150424b2010 xxu||||| |||| 00| 0 spa d
041 _aESP
082 _a001.42 M538i3
100 _aMéndez Ramírez, Odilón
245 _aLa investigación científica
250 _a3 edición
260 _aCosta Rica
260 _bJuritexto
260 _c2010
300 _a296 páginas
490 _aTemática General
650 _aMÉTODOS DE INVESTIGACIÓN
650 _aINVESTIGACIÓN CIENTÍFICA
650 _aMETODOLOGÍA DE LA INVESTIGACIÓN
650 _aPLAN O PROYECTO
650 _aTRABAJO DE INVESTIGACIÓN
650 _aTESIS
650 _aCITAS
942 _cBK
_2ddc
999 _c3251
_d3251